Zásilkový obchod v ČR
Vplyv hospodárskej a finančnej krízy na zásielkový obchod. Bankrot spoločnosti Quelle v Nemecku. Na trhu zásielkové spoločnosti Magnet Blanche la porte, Neckermann, Bon prix a Otto. Dôležitosť inovácií. Podiel on-line predaja. Nová značka Hallens miesto Quelle. Aká je situácia zásielkového obchodu v...
Guardado en:
| Autor principal: | |
|---|---|
| Formato: | Capítulo de libro |
| Lenguaje: | checo |
| Materias: | |
| Etiquetas: |
Sin Etiquetas, Sea el primero en etiquetar este registro!
|
MARC
| LEADER | 00000naa$a2200000$$$4500 | ||
|---|---|---|---|
| 001 | 0111120 | ||
| 005 | 20231019094218.0 | ||
| 041 | 0 | |a cze | |
| 044 | |a CZ | ||
| 245 | 1 | 0 | |a Zásilkový obchod v ČR |c Mirek Červenka |
| 520 | |a Vplyv hospodárskej a finančnej krízy na zásielkový obchod. Bankrot spoločnosti Quelle v Nemecku. Na trhu zásielkové spoločnosti Magnet Blanche la porte, Neckermann, Bon prix a Otto. Dôležitosť inovácií. Podiel on-line predaja. Nová značka Hallens miesto Quelle. Aká je situácia zásielkového obchodu v susedných krajinách. | ||
| 610 | 2 | 0 | |a obchod zásielkový |
| 610 | 2 | 0 | |a katalógy |
| 610 | 2 | 0 | |a obchod elektronický |
| 610 | 2 | 0 | |a spoločnosti obchodné |
| 610 | 2 | 0 | |a firmy |
| 610 | 2 | 0 | |a Česko |
| 100 | 1 | |a Červenka, Mirek | |